Manual de usuario y programador de aplicación móvil para la ubicación de rutas del transporte urbano e interurbano de Managua

Presenta el uso técnico de la aplicación móvil para teléfonos con sistemas operativo Android bajo el nombre RUTANIC que es una aplicación móvil para la ubicación de rutas del transporte urbano e interurbano de Managua, la cual brinda información sobre el transporte urbano colectivo.

Bibliographic Details
Main Author: Rivera Irías, Claudia Patricia
Other Authors: Tutor: Flores Quintana, Gloria Talia
Format: Tesis Section = Libro
Language:Undetermined
Spanish
Published: Managua UNI 2019
Subjects:
LEADER 01103nam a2200229Ia 4500
008 240830s9999 xx 000 0 und d
040 |a BIBLIOTECA-RUSB/ Mon 005.1 R621ma 
041 |a spa 
082 |a Mon 005.1 R621ma 
100 1 |a Rivera Irías, Claudia Patricia 
245 1 0 |a Manual de usuario y programador de aplicación móvil para la ubicación de rutas del transporte urbano e interurbano de Managua 
260 |a Managua  |b UNI  |c 2019 
300 |a 100 p. :il. 
500 |a El CD de este manual esta en el CD de la tesis original. 
502 |a Tesis (Ingeniero en Computación) - UNI, 2019. 
520 3 |a Presenta el uso técnico de la aplicación móvil para teléfonos con sistemas operativo Android bajo el nombre RUTANIC que es una aplicación móvil para la ubicación de rutas del transporte urbano e interurbano de Managua, la cual brinda información sobre el transporte urbano colectivo. 
650 7 |a PROGRAMADOR DE APLICACIÓN MOVIL 
650 7 |b  MANUAL DE USUARIO 
700 1 |a Tutor:  |b Flores Quintana, Gloria Talia 
942 |c BK  |2 ddc 
991 |a TESIS 
999 |c 19696